000 01725nam a2200289Ia 4500
001 F6696
003 IT-RoPAU
008 130308s9999 xx 000 0 und d
040 _aIT-RoPAU
040 _cIT-RoPAU
041 _aITALIANO
100 _aCappabianca Alessandro
100 _gCodice Aut. SPICS: 8481
245 _aCinema e il sacro (Il)
245 _bCinema e Il Sacro (Il)
250 _a1a ed.
260 _aRECCO (GENOVA)
260 _bLe Mani
260 _c1998 [1° Ed.:1998 - Ed.Ling.Originale:1998]
300 _a"176 p. (prefazione: no ; testo: 176 [pagine: 0-0])"
500 _aCreare Un'Immagine Ha Sempre, in un certo Modo, Qualcosa a che Fare col Sacro. nel Cinema Il Corpo della Star (Divo o Diva) è Già di per Se' un Corpo Smaterializzato, un Corpo Glorioso, reso Tale Dalle Piu' Sofisticate Tecniche di Fascinazione Pubblicitaria, e Trasformato in Oggetto di culto da parte di Milioni di Fans. che succede Allora Quando un Corpo Glorioso si misura con un Personaggio della Storia sacra (Cristo, Madonna, Santi...). Comeinteragiscono Corporeità e Trascendenza? Analisi di varie Risposte Date Dai Film di Grandi Registi. Storie Bibliche di Hollywood. Racconto della Genesi. Cristo di Dreyer. Cristo di Bresson. Giovanna D'Arco. Francesco di Rossellini e della Cavani. Cristo di Pasolini. Atti degli Apostoli di Rossellini. Messia di Rossellini. Agostino di Rossellini. Ultima tentazione di Cristo di Scorsese. Gesu' di Montreal di Denys Arcand. Teorema di Pasolini. Je vous Salue Marie di Godard. Vita e Morte della Giovanna di Rivette. e Tantealtre Citazioni.
650 _aSAGGI SUL CINEMA
650 _eCodice materia Spics: 6811
942 _cBK
957 _71
999 _c93442
_d93442
999 _g1